[Event "13th 4NCL Congress"]
[Site "Wakefield"]
[Date "2017.04.08"]
[Round "2"]
[Board "6"]
[White "Goodfellow, Russell R"]
[Black "Holi, Siefaldin A"]
[Result "1/2-1/2"]
[WhiteElo "1864"]
[BlackElo "1740"]
[PlyCount "131"]
[EventDate "2017.04.07"]
[EventRounds "5"]
[EventCountry "ENG"]

1. e4 c6 2. d4 d5 3. f3 e6 4. Nc3 Ne7 5. Nge2 Ng6 6. Be3 Nd7 7. a3 Be7 8. Nc1
O-O 9. Be2 f5 10. O-O f4 11. Bf2 dxe4 12. fxe4 Bh4 13. Bc4 Nb6 14. Ba2 Qg5 15.
a4 f3 16. g3 Nf4 17. Kh1 Qg4 18. a5 Nd7 19. Qd2 Bg5 20. Be3 Nh3 21. Bxe6+ Qxe6
22. Bxg5 Qg4 23. Be3 f2 24. Qe2 Nf6 25. Bxf2 Nh5 26. Nd3 Be6 27. Be3 Rad8 28.
Ne5 Qxe2 29. Nxe2 h6 30. Kg2 Nf6 31. Nc3 Ng5 32. Bxg5 hxg5 33. Rad1 Kh7 34. Rd2
Ng4 35. Rxf8 Rxf8 36. Nxg4 Bxg4 37. h3 Bf3+ 38. Kg1 Bh5 39. g4 Bg6 40. Kg2 Kg8
41. Rf2 Rd8 42. Rd2 Kf7 43. Kf3 Ke7 44. Ke3 Rh8 45. Rh2 Be8 46. Na4 Bd7 47. Kf3
Rf8+ 48. Kg3 Rf1 49. Nc5 Bc8 50. Nd3 Ra1 51. b4 Ra3 52. Kf2 b6 53. axb6 axb6
54. Ne5 Rc3 55. Ke1 Re3+ 56. Kd2 Rxe4 57. Kd3 Re1 58. Nxc6+ Kd6 59. Ne5 Ba6+
60. Kd2 Rf1 61. Nd3 Kd5 62. c3 Ke4 63. Ne5 Ra1 64. Rf2 Ra2+ 65. Ke1 Ra1+ 66.
Kd2 1/2-1/2

[Event "13th 4NCL Congress"]
[Site "Wakefield"]
[Date "2017.04.08"]
[Round "2"]
[Board "7"]
[White "Hopkins, Kit H"]
[Black "Graham, Neil"]
[Result "1-0"]
[WhiteElo "1997"]
[BlackElo "1804"]
[PlyCount "101"]
[EventDate "2017.04.07"]
[EventRounds "5"]
[EventCountry "ENG"]

1. c4 Nf6 2. Nc3 g6 3. Nf3 Bg7 4. d4 d5 5. Bf4 c6 6. e3 Qa5 7. Rc1 Nbd7 8. Be2
dxc4 9. Bxc4 Nb6 10. Bb3 Nbd5 11. Be5 O-O 12. O-O Nxc3 13. bxc3 Ne4 14. Bxg7
Kxg7 15. Ne5 f6 16. Nc4 Qc7 17. f3 Nd6 18. Nxd6 Qxd6 19. e4 Be6 20. Bxe6 Qxe6
21. Qb3 Qxb3 22. axb3 e6 23. Ra1 a6 24. Kf2 Rf7 25. c4 Rd7 26. Ke3 Rad8 27.
Rfd1 f5 28. Ra2 Kf6 29. e5+ Ke7 30. b4 Rc8 31. Rdd2 Ra8 32. h4 b6 33. c5 b5 34.
Ra5 Kf7 35. g4 Rda7 36. Rg2 Rg8 37. Rh2 h5 38. Rg2 hxg4 39. fxg4 Rh8 40. Rga2
Rxh4 41. Rxa6 Rxa6 42. Rxa6 Rxg4 43. Rxc6 Rg3+ 44. Kf4 Rg1 45. Rc7+ Kf8 46. c6
g5+ 47. Kf3 g4+ 48. Kf4 Rf1+ 49. Kg5 g3 50. Kf6 Ke8 51. Rc8# 1-0

[Event "13th 4NCL Congress"]
[Site "Wakefield"]
[Date "2017.04.08"]
[Round "2"]
[Board "8"]
[White "Procter, Colin S"]
[Black "Cohen, Gerald M"]
[Result "0-1"]
[WhiteElo "1804"]
[BlackElo "1982"]
[PlyCount "120"]
[EventDate "2017.04.07"]
[EventRounds "5"]
[EventCountry "ENG"]

1. d4 Nf6 2. Bf4 d6 3. Nc3 g6 4. e4 c6 5. Qd2 b5 6. Bd3 Nbd7 7. Nf3 Nb6 8. e5
Nfd5 9. Nxd5 Nxd5 10. Bg3 Bg7 11. O-O O-O 12. c4 bxc4 13. Bxc4 Nb6 14. Bb3 Rb8
15. Rac1 Bb7 16. Rfd1 Nd5 17. a3 Qd7 18. Bc4 Nc7 19. Bf4 Rfd8 20. Ng5 d5 21.
Ba2 Ne6 22. Nxe6 Qxe6 23. Qa5 Ba8 24. b4 Rd7 25. Qc5 h6 26. Qc3 Kh7 27. Bb1 Rb6
28. Rd3 f5 29. exf6 exf6 30. Rg3 f5 31. Re1 Qf7 32. Be5 Bxe5 33. dxe5 Qe6 34.
Qf3 Rb8 35. Rxg6 Kxg6 36. g4 Kg7 37. Bxf5 Rf7 38. Qc3 Qe7 39. e6+ Rf6 40. Qg3
Rg8 41. Qe5 Kf8 42. Qb8+ Kg7 43. Qe5 Rgf8 44. Re3 c5 45. Rg3 Rg8 46. bxc5 d4
47. g5 hxg5 48. Rxg5+ Kh8 49. Rxg8+ Kxg8 50. Qb8+ Rf8 51. Qg3+ Qg7 52. Bg4 Qg5
53. h4 Qc1+ 54. Bd1+ Kh7 55. Qd3+ Kh6 56. e7 Rg8+ 57. Kh2 Qf4+ 58. Qg3 Rxg3 59.
fxg3 Qf2+ 60. Kh3 Qe1 0-1

[Event "13th 4NCL Congress"]
[Site "Wakefield"]
[Date "2017.04.08"]
[Round "2"]
[Board "9"]
[White "Ansari, Athar"]
[Black "Bowman, Richard L"]
[Result "0-1"]
[WhiteElo "1955"]
[BlackElo "1772"]
[PlyCount "116"]
[EventDate "2017.04.07"]
[EventRounds "5"]
[EventCountry "ENG"]

1. e4 d6 2. d4 Nf6 3. Bd3 Nbd7 4. c4 e5 5. Nf3 h6 6. O-O c6 7. Re1 g5 8. c5 g4
9. dxe5 dxe5 10. Nfd2 Nxc5 11. Bc4 Be6 12. Bxe6 Nxe6 13. Qb3 Qc7 14. Nc3 Nd4
15. Qd1 Rd8 16. Ne2 Bc5 17. Nxd4 Bxd4 18. Qc2 g3 19. hxg3 Ng4 20. Rf1 Qe7 21.
Nf3 Qf6 22. Bd2 Qg6 23. Bc3 Nf6 24. Nxe5 Bxe5 25. Bxe5 O-O 26. Bxf6 Qxf6 27.
Rad1 Rxd1 28. Rxd1 Rd8 29. Rxd8+ Qxd8 30. f3 Qd4+ 31. Kf1 Kf8 32. Ke2 h5 33.
Qd2 Qc4+ 34. Ke3 Qxa2 35. Qd8+ Kg7 36. Qd4+ Kg6 37. Kf4 Qe6 38. Qe5 Qxe5+ 39.
Kxe5 a5 40. Kd6 a4 41. Kc5 b5 42. f4 Kf6 43. Kd4 b4 44. Kc4 c5 45. Kd3 Ke6 46.
Kc4 f6 47. Kd3 Kd6 48. Kc4 Kc6 49. Kd3 Kb5 50. f5 Kc6 51. Kd2 Kd6 52. Kc2 Ke5
53. Kd3 a3 54. bxa3 bxa3 55. Kc3 Kxe4 56. Kb3 Kd3 57. Kxa3 c4 58. Kb2 Kd2 0-1

[Event "13th 4NCL Congress"]
[Site "Wakefield"]
[Date "2017.04.08"]
[Round "2"]
[Board "10"]
[White "Radford, Mark Sr"]
[Black "Ai, Farshad"]
[Result "0-1"]
[WhiteElo "1772"]
[BlackElo "1952"]
[PlyCount "100"]
[EventDate "2017.04.07"]
[EventRounds "5"]
[EventCountry "ENG"]

1. Nf3 d5 2. c4 c6 3. b3 Bf5 4. g3 e6 5. Bb2 Nf6 6. Bg2 h6 7. O-O Be7 8. d3 O-O
9. Nbd2 Nbd7 10. a3 a5 11. Ra2 Bh7 12. Qa1 Re8 13. Rc1 Qb6 14. Bc3 Bc5 15. d4
Be7 16. c5 Qc7 17. b4 a4 18. Qb2 Reb8 19. Nb1 Ne4 20. Nfd2 f5 21. f3 Ng5 22.
Re1 Bf6 23. e4 fxe4 24. fxe4 Rf8 25. e5 Be7 26. h4 Nf7 27. Nf3 Bf5 28. Bd2 g5
29. hxg5 hxg5 30. Qc1 g4 31. Ng5 Qd8 32. Nxf7 Rxf7 33. Bf4 Nf8 34. Nc3 Ng6 35.
Be3 Rh7 36. Qd1 Bg5 37. Qd2 Bxe3+ 38. Qxe3 Rh5 39. Rb2 Qd7 40. Qd2 Qh7 41. Qd1
Kf7 42. b5 Rh8 43. bxc6 bxc6 44. Rb7+ Ne7 45. Kf2 Bc2 46. Qxg4 Rg8 47. Qe2 Bd3
48. Qb2 Qf5+ 49. Kg1 Rxg3 50. Qf2 Rh1+ 0-1

[Event "13th 4NCL Congress"]
[Site "Wakefield"]
[Date "2017.04.08"]
[Round "2"]
[Board "11"]
[White "Clegg, Robert"]
[Black "Leah, Tom"]
[Result "0-1"]
[WhiteElo "1742"]
[BlackElo "1900"]
[PlyCount "86"]
[EventDate "2017.04.07"]
[EventRounds "5"]
[EventCountry "ENG"]

1. d4 d5 2. c4 e6 3. Nc3 Be7 4. Bf4 Nf6 5. e3 O-O 6. Rc1 c5 7. Nf3 Nc6 8. h3 a6
9. Be2 dxc4 10. Bxc4 b5 11. Bd3 cxd4 12. exd4 Nb4 13. Bb1 Bb7 14. a3 Nbd5 15.
Be5 Rc8 16. Qd3 Qa5 17. O-O g6 18. Ne2 Rfd8 19. Nd2 b4 20. Qb3 Bc6 21. Bd3 Ba4
22. Qa2 bxa3 23. Nc4 Qb4 24. bxa3 Qb3 25. Qd2 Bb5 26. Rb1 Qa4 27. Nb2 Qxa3 28.
Bxb5 axb5 29. Nd3 Ne4 30. Qd1 Ra8 31. Rb3 Qa5 32. Qc2 Nd2 33. Rxb5 Qxb5 34.
Qxd2 Ra3 35. Ne1 Bf6 36. Nf3 Rd3 37. Qh6 Rxf3 38. gxf3 Qxe2 39. Bxf6 Nxf6 40.
Qg5 Qxf3 41. Rb1 Qf5 42. Qc1 Qxh3 43. Rb7 Rxd4 0-1

[Event "13th 4NCL Congress"]
[Site "Wakefield"]
[Date "2017.04.08"]
[Round "2"]
[Board "12"]
[White "Davies, Sam"]
[Black "Taylor, Robert P"]
[Result "1/2-1/2"]
[WhiteElo "1712"]
[BlackElo "1884"]
[PlyCount "51"]
[EventDate "2017.04.07"]
[EventRounds "5"]
[EventCountry "ENG"]

1. d4 c5 2. d5 f5 3. g3 d6 4. Bg2 Nf6 5. Nf3 Na6 6. O-O g6 7. Nc3 Bg7 8. Nd2
Nc7 9. a4 b6 10. e4 fxe4 11. Ndxe4 O-O 12. Nxf6+ Bxf6 13. Ne4 Be5 14. Rb1 Bd7
15. b3 Qc8 16. Bb2 Bxb2 17. Rxb2 Rb8 18. c4 Ne8 19. Re1 Nf6 20. Nxf6+ exf6 21.
Re7 Rf7 22. Qe1 Rxe7 23. Qxe7 Qe8 24. Re2 f5 25. Bf1 Qxe7 26. Rxe7 1/2-1/2

[Event "13th 4NCL Congress"]
[Site "Wakefield"]
[Date "2017.04.08"]
[Round "2"]
[Board "13"]
[White "David, Ivan"]
[Black "Parnian, Arya"]
[Result "1-0"]
[WhiteElo "1883"]
[BlackElo "1712"]
[PlyCount "57"]
[EventDate "2017.04.07"]
[EventRounds "5"]
[EventCountry "ENG"]

1. d4 d5 2. Bf4 e6 3. e3 Nf6 4. c3 c5 5. Nd2 Nc6 6. Ngf3 Be7 7. Bd3 h6 8. Ne5
O-O 9. h4 cxd4 10. exd4 Bd6 11. g4 Bxe5 12. dxe5 Nd7 13. Qe2 f6 14. exf6 Qxf6
15. Bd6 Re8 16. g5 hxg5 17. hxg5 Qxg5 18. O-O-O Nf8 19. Rdg1 Qf6 20. Qh5 Bd7
21. Rg6 Nxg6 22. Bxg6 Qxg6 23. Qxg6 Ne7 24. Bxe7 Rxe7 25. Nf3 Be8 26. Qh7+ Kf7
27. Rg1 Kf6 28. Qh4+ Kf7 29. Ne5+ 1-0

[Event "13th 4NCL Congress"]
[Site "Wakefield"]
[Date "2017.04.08"]
[Round "2"]
[Board "14"]
[White "Gibbs, Dominic V"]
[Black "Evans, Peter Michael"]
[Result "1/2-1/2"]
[WhiteElo "1849"]
[BlackElo "1712"]
[PlyCount "78"]
[EventDate "2017.04.07"]
[EventRounds "5"]
[EventCountry "ENG"]

1. e4 e6 2. d4 d5 3. Nd2 Nf6 4. e5 Nfd7 5. Bd3 c5 6. c3 Nc6 7. Ngf3 g6 8. h4
cxd4 9. cxd4 Bg7 10. h5 f6 11. exf6 Qxf6 12. Nb3 e5 13. h6 Bf8 14. Bg5 Bb4+ 15.
Kf1 Qe6 16. dxe5 Ndxe5 17. Nbd4 Nxd4 18. Nxd4 Qb6 19. Bb5+ Bd7 20. Bxd7+ Kxd7
21. Qa4+ Nc6 22. Be3 Bc5 23. Rd1 Rhf8 24. Rh3 Rae8 25. Kg1 Kc7 26. Rd2 Nxd4 27.
Bxd4 Re1+ 28. Kh2 Bxd4 29. Qxd4 Qxd4 30. Rxd4 Rxf2 31. Rxd5 Ree2 32. Rc3+ Kb6
33. Rd6+ Ka5 34. Rg3 Rxb2 35. Rd7 Rb5 36. Rxh7 Rh5+ 37. Rh3 Rg5 38. Rg3 Rh5+
39. Rh3 Rg5 1/2-1/2

[Event "13th 4NCL Congress"]
[Site "Wakefield"]
[Date "2017.04.08"]
[Round "2"]
[Board "15"]
[White "Burns, Martin J"]
[Black "Stone, Ian C"]
[Result "1-0"]
[WhiteElo "1846"]
[BlackElo "1668"]
[PlyCount "148"]
[EventDate "2017.04.07"]
[EventRounds "5"]
[EventCountry "ENG"]

1. e4 g6 2. d4 Bg7 3. f4 d6 4. Nf3 Bg4 5. c3 Bxf3 6. Qxf3 c6 7. Bd3 Nd7 8. O-O
Qb6 9. Nd2 O-O-O 10. a4 e6 11. Nc4 Qc7 12. e5 Bf8 13. b4 d5 14. Na3 Ne7 15. b5
Kb8 16. bxc6 bxc6 17. Nc2 Ka8 18. Ba3 Nf5 19. Bxf8 Rdxf8 20. Nb4 a5 21. Nc2 Rb8
22. Bxf5 gxf5 23. Qd3 Rb6 24. c4 Qb7 25. cxd5 cxd5 26. Qd2 Qa6 27. Na3 Rb4 28.
Nb5 Qb6 29. Rfc1 Rc4 30. Rxc4 dxc4 31. Qf2 f6 32. Rc1 Rc8 33. Qf3+ Kb8 34. Kf1
fxe5 35. fxe5 Qc6 36. Nd6 Qxf3+ 37. gxf3 Rc7 38. Nb5 Rc6 39. Ke2 Nb6 40. Nc3
Ka7 41. Ke3 Rc8 42. Rg1 Ka6 43. Rg7 Nd5+ 44. Kd2 Rc7 45. Rg8 Nxc3 46. Kxc3 Kb7
47. h4 Kc6 48. Re8 Kd7 49. Ra8 Rb7 50. Rxa5 Rb3+ 51. Kxc4 Rxf3 52. Ra7+ Kc6 53.
Rxh7 Ra3 54. Ra7 Rh3 55. Ra6+ Kd7 56. Ra7+ Kc6 57. Re7 Rxh4 58. Rxe6+ Kd7 59.
Rf6 Rf4 60. a5 Rf1 61. a6 Kc7 62. Kd5 Ra1 63. Rxf5 Rxa6 64. Rf7+ Kd8 65. e6 Ke8
66. Ke5 Ra1 67. d5 Re1+ 68. Kd6 Ra1 69. Re7+ Kd8 70. Rh7 Ra6+ 71. Ke5 Ra5 72.
Kf6 Rxd5 73. e7+ Kd7 74. e8=Q+ Kxe8 1-0

[Event "13th 4NCL Congress"]
[Site "Wakefield"]
[Date "2017.04.08"]
[Round "2"]
[Board "16"]
[White "Glover, Gordon L"]
[Black "Jones, Neil T"]
[Result "1/2-1/2"]
[WhiteElo "1637"]
[BlackElo "1830"]
[PlyCount "108"]
[EventDate "2017.04.07"]
[EventRounds "5"]
[EventCountry "ENG"]

1. d4 Nf6 2. Nf3 e6 3. Bg5 d5 4. e3 c5 5. c3 Nbd7 6. Nbd2 Be7 7. Bd3 h6 8. Bh4
b6 9. O-O O-O 10. Rc1 Bb7 11. Qe2 Ne4 12. Bxe7 Qxe7 13. Ba6 Ndf6 14. Bxb7 Qxb7
15. h3 c4 16. Nxe4 Nxe4 17. Qc2 Rac8 18. Nd2 Nd6 19. Nf3 b5 20. Qe2 a5 21. Ne5
Rfe8 22. Qh5 Nf5 23. Qe2 f6 24. g4 fxe5 25. gxf5 exd4 26. exd4 exf5 27. Qd2 Qf7
28. f3 f4 29. Rce1 Qg6+ 30. Qg2 Qxg2+ 31. Kxg2 Kf7 32. Kf2 Rxe1 33. Rxe1 Re8
34. Rxe8 Kxe8 35. b3 Kf7 36. Ke2 Kg6 37. Kd2 Kh5 38. a4 bxa4 39. bxc4 dxc4 40.
Kc2 Kg5 41. Kb2 Kf5 42. Ka3 g5 43. Kxa4 h5 44. Kb5 g4 45. hxg4+ hxg4 46. fxg4+
Kxg4 47. d5 f3 48. d6 f2 49. d7 f1=Q 50. d8=Q Qd3 51. Qg8+ Kf3 52. Qxc4 Ke3 53.
Qxd3+ Kxd3 54. c4 a4 1/2-1/2

[Event "13th 4NCL Congress"]
[Site "Wakefield"]
[Date "2017.04.08"]
[Round "2"]
[Board "17"]
[White "May, Paul"]
[Black "Cuaresma, Bien"]
[Result "0-1"]
[WhiteElo "1810"]
[BlackElo "1519"]
[PlyCount "72"]
[EventDate "2017.04.07"]
[EventRounds "5"]
[EventCountry "ENG"]

1. d4 Nf6 2. c4 d6 3. Nf3 c6 4. Nc3 Nbd7 5. e4 e5 6. d5 Be7 7. Bd3 O-O 8. h3 a5
9. Be3 cxd5 10. exd5 b6 11. g4 Nc5 12. Bc2 g6 13. Nh2 Ne8 14. h4 f5 15. Bh6 Rf7
16. h5 Ng7 17. hxg6 hxg6 18. Bxg7 Kxg7 19. gxf5 Bxf5 20. Bxf5 Rxf5 21. Ng4 Bg5
22. Qe2 Rf4 23. f3 Qd7 24. Qh2 Rg8 25. Nh6 Rh4 26. Qg2 Rxh1+ 27. Qxh1 Bxh6 28.
Ke2 Qf5 29. Ne4 Nxe4 30. fxe4 Qf4 31. Qh3 Qd2+ 32. Kf1 Rf8+ 33. Kg1 Qf2+ 34.
Kh1 Rf4 35. Qd7+ Kh8 36. Qe8+ Bf8 0-1

[Event "13th 4NCL Congress"]
[Site "Wakefield"]
[Date "2017.04.08"]
[Round "2"]
[Board "19"]
[White "Potter, Steven"]
[Black "Brown, Geoffrey D"]
[Result "1-0"]
[WhiteElo "1911"]
[BlackElo "1545"]
[PlyCount "103"]
[EventDate "2017.04.07"]
[EventRounds "5"]
[EventCountry "ENG"]

1. d4 e6 2. Nf3 f5 3. Nc3 Nf6 4. Bg5 Be7 5. Bxf6 Bxf6 6. e3 O-O 7. Bc4 Kh8 8.
O-O d6 9. Ne2 Qe8 10. Re1 e5 11. dxe5 dxe5 12. c3 a5 13. a4 Nd7 14. Ng3 Nc5 15.
Bb5 c6 16. Bf1 Be6 17. c4 Rd8 18. Qc2 e4 19. Nd2 Be5 20. Rad1 Bd7 21. b3 Rf6
22. f4 exf3 23. gxf3 Bxg3 24. hxg3 Qh5 25. Re2 Rh6 26. Rg2 Re8 27. Kf2 Qg5 28.
f4 Qe7 29. Re1 Re6 30. Qc3 b6 31. Rh2 Rd6 32. Kg1 Kg8 33. b4 axb4 34. Qxb4 Ra8
35. Qxb6 Nxa4 36. Qb7 Re8 37. Qb3 c5 38. Nf3 Rb6 39. Qd3 Rd6 40. Qc2 Rb6 41.
Ne5 Rb2 42. Qd3 Rxh2 43. Kxh2 Nb6 44. Bg2 Bc8 45. Rd1 g5 46. Qd6 gxf4 47. exf4
Qa7 48. Qf6 Qc7 49. Rd6 Be6 50. Rc6 Qd8 51. Qxd8 Rxd8 52. Rxe6 1-0

[Event "13th 4NCL Congress"]
[Site "Wakefield"]
[Date "2017.04.08"]
[Round "2"]
[Board "20"]
[White "Czestochowski, Eddie"]
[Black "Riding, Mick D"]
[Result "0-1"]
[WhiteElo "1675"]
[BlackElo "1895"]
[PlyCount "68"]
[EventDate "2017.04.07"]
[EventRounds "5"]
[EventCountry "ENG"]

1. Nf3 d6 2. d4 Bg4 3. Nbd2 Nd7 4. h3 Bh5 5. g4 Bg6 6. Bg2 c6 7. Nb3 e5 8. Bg5
f6 9. Bh4 e4 10. Nfd2 d5 11. Nf1 Bd6 12. Bg3 Bxg3 13. Nxg3 Qc7 14. Qd2 Ne7 15.
e3 Nc8 16. Ne2 Nd6 17. Nf4 Bf7 18. Bf1 g5 19. Ng2 h5 20. Be2 Nc4 21. Qc1 O-O-O
22. Nd2 Nd6 23. b3 hxg4 24. Bxg4 f5 25. Be2 Bh5 26. Qb2 Bxe2 27. Kxe2 Rde8 28.
Rag1 f4 29. exf4 e3 30. fxe3 gxf4 31. Nxf4 Nf5 32. Ng2 Ng3+ 33. Kd1 Nxh1 34.
Rxh1 Qg3 0-1

[Event "13th 4NCL Congress"]
[Site "Wakefield"]
[Date "2017.04.08"]
[Round "2"]
[Board "21"]
[White "Ross, Stuart"]
[Black "Han, Yichen"]
[Result "0-1"]
[WhiteElo "1639"]
[BlackElo "1773"]
[PlyCount "126"]
[EventDate "2017.04.07"]
[EventRounds "5"]
[EventCountry "ENG"]

1. e4 e5 2. Nf3 Nc6 3. Bb5 a6 4. Ba4 Nf6 5. O-O Be7 6. Re1 b5 7. Bb3 O-O 8. c3
d5 9. exd5 Nxd5 10. Nxe5 Nxe5 11. Rxe5 c6 12. d4 Bd6 13. Re1 Qh4 14. g3 Qh3 15.
Be3 Bg4 16. Qd3 Kh8 17. Nd2 f5 18. f4 g5 19. Bxd5 cxd5 20. Qf1 gxf4 21. Bxf4
Qxf1+ 22. Kxf1 Bxf4 23. gxf4 Rg8 24. Kf2 Rg6 25. Nf1 h5 26. h4 Rag8 27. Ne3 Rd8
28. a4 b4 29. cxb4 Rb6 30. b5 axb5 31. a5 Ra6 32. b4 Rc8 33. Rac1 Rac6 34. Rc5
Rxc5 35. dxc5 d4 36. Nxg4 hxg4 37. Rd1 Rd8 38. Rd3 Kg7 39. a6 Ra8 40. Rxd4 Rxa6
41. Rd3 Re6 42. Rb3 Re4 43. Kg3 Rc4 44. h5 Kh6 45. Kh4 Rc1 46. Rb2 Rh1+ 47. Kg3
Rh3+ 48. Kg2 Rc3 49. Ra2 Kxh5 50. Ra6 Rc2+ 51. Kg3 Rc3+ 52. Kg2 Rc4 53. c6 Rxf4
54. Ra8 Rc4 55. Rc8 Kg5 56. c7 Kf4 57. Rb8 Rxc7 58. Rxb5 Rc2+ 59. Kf1 Rb2 60.
Kg1 Kg3 61. Rxf5 Rb1+ 62. Rf1 Rxf1+ 63. Kxf1 Kh2 0-1

[Event "13th 4NCL Congress"]
[Site "Wakefield"]
[Date "2017.04.08"]
[Round "2"]
[Board "22"]
[White "Almazedi, Firas"]
[Black "Grobler, David J"]
[Result "1-0"]
[WhiteElo "1770"]
[BlackElo "1686"]
[PlyCount "134"]
[EventDate "2017.04.07"]
[EventRounds "5"]
[EventCountry "ENG"]

1. d4 Nf6 2. c4 g6 3. Nc3 d5 4. cxd5 Nxd5 5. g3 Bg7 6. Bg2 Nxc3 7. bxc3 O-O 8.
e3 c5 9. Ne2 Qc7 10. O-O Nc6 11. a4 Rb8 12. Ba3 b6 13. Qc2 Ba6 14. Rfd1 Na5 15.
Nf4 e6 16. Qa2 Bc4 17. Qb2 Bb3 18. Rdb1 Bxa4 19. Qe2 Bc6 20. Bxc6 Qxc6 21. h4
Rfc8 22. h5 g5 23. Qg4 h6 24. Nd3 Nc4 25. Bc1 Qd7 26. Ra2 a5 27. Qe2 cxd4 28.
cxd4 b5 29. Nc5 Qc6 30. f4 f6 31. Rc2 Bf8 32. Nb3 Qb6 33. Qd3 f5 34. e4 Nd6 35.
Nc5 fxe4 36. Nxe4 Nxe4 37. Rxc8 Rxc8 38. Qxe4 Bg7 39. Be3 Rd8 40. d5 Qd6 41.
dxe6 Re8 42. Rxb5 Rxe6 43. Qc4 Kh7 44. Qc2+ Kg8 45. Kf2 gxf4 46. Bxf4 Bd4+ 47.
Kg2 Qc6+ 48. Qxc6 Rxc6 49. Rxa5 Rc2+ 50. Kf3 Kh7 51. Ra6 Bg7 52. Ra7 Rc5 53. g4
Kg8 54. Ke4 Rc4+ 55. Kf5 Rc5+ 56. Ke6 Rc6+ 57. Kd5 Rc2 58. Ra6 Rg2 59. Rg6 Kf7
60. Ke4 Re2+ 61. Kf3 Re6 62. Rxe6 Kxe6 63. Ke4 Kf6 64. Be5+ Kf7 65. Bxg7 Kxg7
66. Ke5 Kf7 67. Kf5 Kg7 1-0

[Event "13th 4NCL Congress"]
[Site "Wakefield"]
[Date "2017.04.08"]
[Round "2"]
[Board "23"]
[White "Robinson, Brian"]
[Black "Clarke, Paul Rh"]
[Result "1/2-1/2"]
[WhiteElo "1576"]
[BlackElo "1763"]
[PlyCount "102"]
[EventDate "2017.04.07"]
[EventRounds "5"]
[EventCountry "ENG"]

1. d4 d5 2. Nc3 Bf5 3. e3 Nf6 4. Bd3 Bxd3 5. Qxd3 c6 6. Nf3 e6 7. O-O Be7 8. e4
dxe4 9. Nxe4 Nxe4 10. Qxe4 Nd7 11. Bf4 Nf6 12. Qe2 O-O 13. Rfd1 Re8 14. Ne5 Qb6
15. c3 Rad8 16. Rab1 c5 17. Be3 cxd4 18. Bxd4 Bc5 19. Bxc5 Qxc5 20. c4 Qa5 21.
b4 Rxd1+ 22. Rxd1 Qxb4 23. Nd7 Nxd7 24. Rxd7 Qb1+ 25. Rd1 Qb6 26. Qd3 g6 27. g3
Rc8 28. Rb1 Qc7 29. Qf3 b6 30. Rd1 a5 31. h4 Rd8 32. Rxd8+ Qxd8 33. Qc6 Qd1+
34. Kg2 Qd4 35. a4 Qc5 36. Qxc5 bxc5 37. Kf3 Kf8 38. Ke4 Ke7 39. g4 h6 40. f4
f6 41. f5 exf5+ 42. gxf5 gxf5+ 43. Kxf5 Kf7 44. h5 Ke7 45. Kg6 Ke6 46. Kxh6 f5
47. Kg7 f4 48. h6 f3 49. h7 f2 50. h8=Q f1=Q 51. Qe8+ Kd6 1/2-1/2

[Event "13th 4NCL Congress"]
[Site "Wakefield"]
[Date "2017.04.08"]
[Round "2"]
[Board "24"]
[White "Buttell, David"]
[Black "Hadfield, Roy"]
[Result "1-0"]
[WhiteElo "1755"]
[BlackElo "1635"]
[PlyCount "39"]
[EventDate "2017.04.07"]
[EventRounds "5"]
[EventCountry "ENG"]

1. d4 e6 2. c4 b6 3. e4 Bb7 4. f3 d6 5. Be3 Nd7 6. Nc3 c5 7. d5 e5 8. Qd2 Ngf6
9. Nge2 Be7 10. Ng3 a6 11. Nf5 Nh5 12. g4 Bh4+ 13. Kd1 Qf6 14. Nxh4 Qxh4 15.
Bg5 Qxg5 16. Qxg5 Nf4 17. Qxg7 O-O-O 18. Qh6 Nf8 19. Kd2 N8g6 20. h4 1-0

[Event "13th 4NCL Congress"]
[Site "Wakefield"]
[Date "2017.04.08"]
[Round "2"]
[Board "25"]
[White "Walshaw, David"]
[Black "Pramod Paleri, Adithya"]
[Result "0-1"]
[WhiteElo "1689"]
[BlackElo "1579"]
[PlyCount "66"]
[EventDate "2017.04.07"]
[EventRounds "5"]
[EventCountry "ENG"]

1. e4 d6 2. d4 Nf6 3. Nc3 g6 4. f3 c6 5. Be3 Nbd7 6. Qd2 b5 7. Nge2 Rb8 8. g4
Nb6 9. Ng3 Bb7 10. h4 h5 11. g5 Nfd7 12. Rh2 Bg7 13. f4 b4 14. Nd1 c5 15. f5
O-O 16. Nf2 cxd4 17. Bxd4 Ne5 18. Qd1 d5 19. Nxh5 gxh5 20. Qxh5 Nbd7 21. Bb5
dxe4 22. Bxd7 Nf3+ 23. Kd1 Qxd7 24. c3 Bxd4 25. Nd3 Be3 26. Rd2 Nxd2 27. g6 Kg7
28. f6+ Kxf6 29. Qe5+ Kxg6 30. Qg3+ Kh5 31. Qe5+ f5 32. Nf4+ Bxf4 33. Qxf4 Nf3+
 0-1

[Event "13th 4NCL Congress"]
[Site "Wakefield"]
[Date "2017.04.08"]
[Round "3"]
[Board "1"]
[White "Cawston, M John"]
[Black "Hopkins, Kit H"]
[Result "0-1"]
[WhiteElo "1836"]
[BlackElo "1997"]
[PlyCount "116"]
[EventDate "2017.04.07"]
[EventRounds "5"]
[EventCountry "ENG"]

1. Nf3 d5 2. d4 Nf6 3. c4 e6 4. Nc3 Be7 5. Bg5 O-O 6. e3 h6 7. Bh4 b6 8. cxd5
Nxd5 9. Bxe7 Qxe7 10. Nxd5 exd5 11. Rc1 Be6 12. Be2 Rc8 13. O-O c5 14. Qa4 Nd7
15. Qa3 Kf8 16. Ba6 Rc7 17. Rc3 c4 18. Qxe7+ Kxe7 19. Bb5 Nb8 20. Ba4 a6 21.
Bc2 b5 22. Bb1 b4 23. Rcc1 Nd7 24. Nh4 Rac8 25. Nf5+ Bxf5 26. Bxf5 g6 27. Bxd7
Kxd7 28. f3 c3 29. Rf2 Kd6 30. bxc3 Rxc3 31. Rb1 Rc1+ 32. Rf1 Rxb1 33. Rxb1 a5
34. Rb2 Rc3 35. Kf2 f5 36. Ke2 Kc6 37. Kd2 Kb5 38. Rb3 Rc4 39. Kd3 a4 40. Rb2
Rc3+ 41. Kd2 Kc4 42. Ke2 b3 43. axb3+ axb3 44. Kd2 Rd3+ 45. Ke2 Rc3 46. Kd2 Kb4
47. g3 Rc4 48. Rb1 Rc6 49. e4 fxe4 50. fxe4 dxe4 51. Ke3 Re6 52. d5 Re8 53. Kd4
e3 54. d6 e2 55. Re1 b2 56. Kd5 Kc3 57. Kc6 Kd2 58. d7 Rh8 0-1

[Event "13th 4NCL Congress"]
[Site "Wakefield"]
[Date "2017.04.08"]
[Round "3"]
[Board "2"]
[White "Cohen, Gerald M"]
[Black "Muflehi, Khaled"]
[Result "1-0"]
[WhiteElo "1982"]
[BlackElo "1855"]
[PlyCount "112"]
[EventDate "2017.04.07"]
[EventRounds "5"]
[EventCountry "ENG"]

1. d4 Nf6 2. Nf3 g6 3. Bf4 Bg7 4. e3 O-O 5. Be2 d6 6. O-O b6 7. a4 a6 8. Nbd2
Bb7 9. c3 Nbd7 10. h3 c5 11. Bh2 Rc8 12. Qb3 d5 13. Ne5 Nxe5 14. Bxe5 c4 15.
Qc2 Qd7 16. Bxf6 Bxf6 17. Bg4 e6 18. f4 Bg7 19. h4 Qe7 20. g3 Rce8 21. Nf3 f6
22. Rae1 e5 23. fxe5 fxe5 24. Ng5 Bc8 25. Rxf8+ Rxf8 26. Bxc8 Rxc8 27. Rf1 Rf8
28. Rxf8+ Bxf8 29. e4 exd4 30. cxd4 h6 31. Nf3 Qxe4 32. Qxe4 dxe4 33. Ne5 Bg7
34. Kf2 Bxe5 35. dxe5 b5 36. axb5 axb5 37. Ke3 b4 38. Kxe4 Kf7 39. Kd4 c3 40.
bxc3 b3 41. Kd3 Ke6 42. c4 b2 43. Kc2 b1=Q+ 44. Kxb1 Kxe5 45. Kc2 Kd4 46. Kb3
Kc5 47. Kc3 g5 48. hxg5 hxg5 49. g4 Kc6 50. Kd4 Kd6 51. c5+ Kc6 52. Ke5 Kxc5
53. Kf5 Kd6 54. Kxg5 Ke7 55. Kg6 Kf8 56. Kh7 Kf7 1-0

[Event "13th 4NCL Congress"]
[Site "Wakefield"]
[Date "2017.04.08"]
[Round "3"]
[Board "3"]
[White "Wilson, Kevin J"]
[Black "Whitehead, Mark A"]
[Result "1/2-1/2"]
[WhiteElo "1810"]
[BlackElo "1942"]
[PlyCount "49"]
[EventDate "2017.04.07"]
[EventRounds "5"]
[EventCountry "ENG"]

1. d4 Nf6 2. Bf4 d6 3. e3 g6 4. Nf3 Bg7 5. Be2 O-O 6. O-O Nh5 7. Bg5 Nd7 8.
Nfd2 Nhf6 9. c4 c6 10. Nc3 Qc7 11. Rc1 e5 12. d5 Re8 13. e4 a5 14. Be3 Nc5 15.
f3 Bd7 16. Nb3 Nxb3 17. Qxb3 c5 18. Qd1 Nh5 19. Qd2 Qd8 20. a4 Qe7 21. Nb5 Bxb5
22. axb5 b6 23. Rc3 Nf4 24. Bd1 h6 25. Kh1 1/2-1/2